Falls of the Ohio River. Resolutions of the Legislature of Pennsylvania, relative to the construction of a canal around the falls of the Ohio River at Louisville.

Bibliographic Details
Corporate Authors: United States. Congress. House. Committee on Roads and Canals, ProQuest (Firm)
Format: eBook
Language:English
Published: Washington : [publisher not identified], 1852.
Series:United States congressional serial set.
Subjects:
Online Access:Connect to the full text of this electronic book

MARC

Tag First Indicator Second Indicator Subfields
LEADER 00000cam a22000001a 4500
001 in00002881721
005 20190331191844.0
006 m o d
007 cr un mmmapmmp
008 080718s1852 dcu o f000 0 eng d
035 |a cis2004286049 
040 |a UMI  |c UMI  |d UtOrBLW 
043 |a n-us--- 
099 |a ProQuest Serial Set Number 652 H.misdoc.46 
110 1 |a United States.  |b Congress.  |b House.  |b Committee on Roads and Canals. 
245 1 0 |a Falls of the Ohio River. Resolutions of the Legislature of Pennsylvania, relative to the construction of a canal around the falls of the Ohio River at Louisville. 
246 1 |a Resolutions of legislature of Pennsylvania on construction of canal around Falls of Ohio river 
264 1 |a Washington :  |b [publisher not identified],  |c 1852. 
300 |a 1 online resource. 
336 |a text  |b txt  |2 rdacontent 
337 |a computer  |b c  |2 rdamedia 
338 |a online resource  |b cr  |2 rdacarrier 
490 0 |a H.misdoc.46 
500 |a Record is based on bibliographic data in ProQuest U.S. Serial Set Digital Collection (last viewed July 2008). Reuse except for individual research requires license from ProQuest, LLC. 
510 3 |a ProQuest U.S. Serial Set Digital Collection 
500 |a Electronic resource. 
610 1 0 |a Pennsylvania.  |b General Assembly. 
650 0 |a Canals. 
650 0 |a Legislative bodies. 
655 7 |a Electronic books.  |2 local 
710 2 |a ProQuest (Firm) 
830 0 |a United States congressional serial set. 
856 4 0 |u http://proxy.library.tamu.edu/login?url=http://congressional.proquest.com/congcomp/getdoc??SERIAL-SET-ID=652+H.misdoc.46  |z Connect to the full text of this electronic book  |t 0 
999 |a MARS 
999 f f |s 516b506f-e649-3a4f-a4f8-74ebcac0e078  |i eb33e9a7-a11a-3558-8586-acd799f19113  |t 0 
952 f f |a Texas A&M University  |b College Station  |c Electronic Resources  |d Available Online  |t 0  |e ProQuest Serial Set Number 652 H.misdoc.46  |h Other scheme 
998 f f |a ProQuest Serial Set Number 652 H.misdoc.46  |t 0  |l Available Online